000 00419nam a2200169Ia 4500
005 20250423095728.0
008 250422s9999 xx 000 0 und d
020 _a978-0-19-441623-8
100 _aKent Richmond
245 0 _aInside Reading: The Academic Word List in Context 4
260 _aNew York
260 _bOxford University Press
260 _c2009
300 _a22 p
650 _aEnglish
942 _cBK
999 _c31153
_d31153